International Property Measurement Standards (Record no. 121108)

MARC details
000 -LEADER
fixed length control field 01203nam a22002297a 4500
001 - CONTROL NUMBER
control field 121108
008 - FIXED-LENGTH DATA ELEMENTS--GENERAL INFORMATION
fixed length control field 160218b2019 xxu||||| |||| 00| 0 eng d
020 ## - INTERNATIONAL STANDARD BOOK NUMBER
ISBN 9781783213702
041 ## - LANGUAGE CODE
Language code of text/sound track or separate title eng
110 2# - MAIN ENTRY--CORPORATE NAME
Corporate author International Property Measurement Standards Coaliton
245 ## - TITLE STATEMENT
Title International Property Measurement Standards
Subtitle Retail buildngs
Medium [electronic resource]
260 ## - PUBLICATION INFORMATION
Place of publication London
Publisher IPMSC
Date 2019
300 ## - PHYSICAL DESCRIPTION
Physical description 69p
490 ## - SERIES TITLE
Series statement International Property Measurement Standards
520 ## - ABSTRACT
Abstract Sets out International Property Measurement Standards for the measurement of retail buildings. Outlines their aim and scope, explains the principles of measurement and calculation with reference to worked examples, lists the IPMS standards (and their principal uses) IPMS 1 (External), IPMS 2 – Retail (Internal),IPMS 3A – Retail (Occupier), IPMS 3B – Retail (Occupier) and IPMS 3C – Retail (Occupier). Concludes with technical data.
650 ## - KEYWORDS
Keywords International Property Measurement Standards
650 ## - KEYWORDS
Keywords Retail
651 ## - SUBJECT ADDED ENTRY--GEOGRAPHIC NAME
Geographic name International
690 ## - BROAD SUBJECT
9 (RLIN) 6256
Broad subject Measurement
856 ## - ONLINE RESOURCE
Uniform Resource Identifier <a href="https://ipmsc.org/wp-content/uploads/2019/09/ipms-retail.pdf">https://ipmsc.org/wp-content/uploads/2019/09/ipms-retail.pdf</a>
Public note Available on IPMSC archive
942 ## - ADDED ENTRY ELEMENTS (KOHA)
Suppress in OPAC Do not suppress in OPAC
Holdings
Lost status Damaged status Not for loan Home library Current library Shelving location Date acquired Total Checkouts Date last seen Price effective from Koha item type
      Virtual Virtual Online 16/09/2019   16/09/2019 16/09/2019 Book